The student's guide to VHDL / (Record no. 14164)
[ view plain ]
| 000 -LEADER | |
|---|---|
| fixed length control field | 00731nam a2200229 a 4500 |
| 001 - CONTROL NUMBER | |
| JCCL Control Number | 14164 |
| 003 - CONTROL NUMBER IDENTIFIER | |
| JCCL marc code | BD-JhCC |
| 005 - DATE AND TIME OF LATEST TRANSACTION | |
| control field | 20250204115224.0 |
| 008 - FIXED-LENGTH DATA ELEMENTS--GENERAL INFORMATION | |
| fixed length control field | 250204b1998 us |||| ||a| 001 0 eng d |
| 020 ## - INTERNATIONAL STANDARD BOOK NUMBER | |
| International Standard Book Number | 1558605207 |
| 035 ## - SYSTEM CONTROL NUMBER | |
| system control number | (BD-JhCC)14164 |
| 040 ## - CATALOGING SOURCE | |
| Original cataloging agency | BD-JhCC |
| Modifying agency | BD-JhCC |
| 041 ## - LANGUAGE CODE | |
| Language code of Book | English |
| 082 ## - DEWEY DECIMAL CLASSIFICATION NUMBER | |
| Classification number | 004.2 |
| Author mark and Year | ASH 1998 |
| 100 ## - MAIN ENTRY--PERSONAL NAME | |
| Personal name | Ashenden,Peter J. |
| 245 ## - TITLE STATEMENT | |
| Title | The student's guide to VHDL / |
| Statement of responsibility, etc | Peter J. Ashenden. |
| 260 ## - PUBLICATION, DISTRIBUTION, ETC. (IMPRINT) | |
| Place of publication, distribution, etc | America: |
| Name of publisher, distributor, etc | Morgan Kaufman Publishers; |
| Date of publication, distribution, etc | 1998. |
| 300 ## - PHYSICAL DESCRIPTION | |
| Pagination | xvii, 312 p. : |
| Other physical details | ill; |
| Dimensions | 24 cm. |
| 651 ## - SUBJECT ADDED ENTRY--GEOGRAPHIC NAME | |
| Geographic name | Digitale systemen |
| Form subdivision | Electronic digital computers |
| General subdivision | Design and construction Data processing |
| Chronological subdivision | HDL (Computer hardware |
| Geographic subdivision | construction Informatique |
| 942 ## - ADDED ENTRY ELEMENTS (KOHA) | |
| Source of classification or shelving scheme | Dewey Decimal Classification |
| Koha item type | Books |
| Source of classification or shelving scheme | Damaged status | Not for loan | Home library | Current library | Shelving location | Date of accession | Source of acquisition | Cost, normal purchase price | Total Checkouts | Full call number | Barcode | Date last seen | Copy number | Method of acquisition | Koha item type | Currency |
|---|---|---|---|---|---|---|---|---|---|---|---|---|---|---|---|---|
| Dewey Decimal Classification | JCC Rouf Library | JCC Rouf Library | General Stacks | With the compliments of Shahriar Imtiaz Rahman,27/1483/K | 7885.00 | 004.2 ASH 1998 | 19848 | 02/04/2025 | C-1 | Gift/Donation | Books | BDT |